| 000 | 00373nam a22001337a 4500 | ||
|---|---|---|---|
| 082 |
_a891.4393 _bZAF |
||
| 100 | _aZafar, Fayyaz | ||
| 245 |
_aKhaali hai Jaib-e-Gul / _cFayyaz Zafar |
||
| 260 |
_aIslamabad : _bCrystal Printing Press, _c2003. |
||
| 300 |
_a111 p. ; _c22 cm. |
||
| 563 | _aHBK. | ||
| 880 |
_6245-02\r _aخالی ہے جیبِ گل / |
||
| 942 |
_2ddc _cBK |
||
| 999 |
_c592758 _d592758 |
||